000 00422nam a2200181Ia 4500
001 14959
005 20260306164952.0
008 260306t2007||||xx |||||||||||||| ||spa||
041 _aESP
082 _a519.5
_bT69 P.1
100 _aToma Inafuko, Jorge
_eAUT
245 0 _aEstadĂ­stica aplicada
260 _c2007
300 _a342 páginas :
_c21 cm.
650 _aGEN
654 _aCMA
942 _cLIB
_dJUS
_fJUS
_2ddc
_n
999 _c14959
_d14959